000 05563cgm a2200985Mi 4500
001 on1054958880
003 OCoLC
005 20210805130945.0
007 vd csaizu
007 vd cvaizu
008 140317p20142013cau102 j vleng d
040 _aVAN
_beng
_erda
_cVAN
_dOCLCO
_dOCLCF
_dOCLCQ
_dOCLCO
_dOCLCA
_dWACOL
024 1 _a786936838923
028 4 2 _a119417
_bBuena Vista Home Entertainment
_q(on container)
028 4 2 _a8036087
_bBuena Vista Home Entertainment
_q(on Blu-ray disc)
028 4 2 _a8036091
_bBuena Vista Home Entertainment
_q(on DVD)
035 _a(OCoLC)1054958880
050 4 _aPN1995.9.A6
_b.F769946x 2014
092 _aDVD
_bFro
049 _aWACL
245 0 0 _aFrozen /
_cdirected by Chris Buck, Jennifer Lee ; produced by Peter Del Vecho ; screenplay by Jennifer Lee ; story by Chris Buck, Jennifer Lee, Shane Morris.
250 _aCollector's edition [Blu-ray + DVD combo].
264 1 _a[United States] :
_bDisney,
_c2014.
264 2 _aBurbank, CA :
_bDistributed by Buena Vista Home Entertainment
264 4 _c�2013
300 _a2 videodiscs (approximately 102 min. each) :
_bsound, color ;
_c4 3/4 in.
336 _atwo-dimensional moving image
337 _avideo
338 _avideodisc
344 _3DVD
_adigital
_boptical
_gsurround
_hDolby Digital 5.1
_2rda
344 _3Blu-ray
_adigital
_boptical
_gsurround
_hDTS-HDMA 7.1
_2rda
346 _bNTSC
_2rda
347 _3Blu-ray
_avideo file
_bBlu-ray
_2rda
347 _3DVD
_avideo file
_bDVD video
_2rda
380 _aMotion picture
490 1 _aDisney Blu-ray
538 _aBlu-ray.
538 _aDVD.
546 _aEnglish, French or Spanish dialogue with optional English, French and Spanish subtitles; optionally subtitled in English for the hearing impaired; optionally described in English for the visually impaired (English Descriptive Video Service).
500 _aBlu-ray disc contains the feature film in high definition with a selection of bonus features; DVD contains the feature film in standard definition and a limited selection of bonus features.
500 _a"Story inspired by 'The Snow Queen' by Hans Christian Andersen."
500 _aVideodisc release of the 2013 motion picture.
500 _a"Blu-ray + DVD"--Container.
511 0 _aVoices : Jonathan Groff, Ciaran Hinds, Idina Menzel, Alan Tudyk, Josh Gad, Santino Fontana, Kristen Bell.
508 _aDirector of cinematography, layout, Scott Beattie ; director of cinematography, lighting, Mohit Kallianpur ; editor, Jeff Draheim ; original songs by Kristen Anderson-Lopez and Robert Lopez ; original score composed by Christophe Beck.
521 8 _aMPAA rating: PG.
521 8 _aCanadian Home Video rating: G.
520 _aWhen a prophecy traps a kingdom in eternal winter, Anna, a fearless optimist, teams up with extreme mountain man Kristoff and his sidekick reindeer Sven on an epic journey to find Anna's sister Elsa, the Snow Queen, and put an end to her icy spell. Encountering mystical trolls, a funny snowman named Olaf, Everest-like extremes and magic at every turn, Anna and Kristoff battle the elements in a race to save the kingdom from destruction.
500 _aBonus features on Blu-ray disc only include the featurette The making of Frozen, the featurette D'frosted: Disney's journey from Hans Christian Andersen to Frozen, deleted scenes, music videos for Let it go (end credit version), and the Mickey Mouse short: Get a horse!
500 _aBonus features on DVD disc include music videos for Let it go (end credit version) and the Mickey Mouse short: Get a horse!
521 _aChildren DVD
_bDonation
650 0 _aIncantations
_vDrama.
_95711769
650 0 _aSisters
_vDrama.
_95712045
650 0 _aQuests (Expeditions)
_vDrama.
_95708633
650 0 _aWinter
_vDrama.
_95745481
650 0 _aMagic
_vDrama.
_95692888
650 7 _aIncantations.
_2fast
_0(OCoLC)fst00968415
650 7 _aMagic.
_2fast
_0(OCoLC)fst01005468
650 7 _aQuests (Expeditions)
_2fast
_0(OCoLC)fst01085708
650 7 _aSisters.
_2fast
_0(OCoLC)fst01119758
650 7 _aWinter.
_2fast
_0(OCoLC)fst01176048
655 7 _aDrama.
_2fast
_0(OCoLC)fst01423879
700 1 _aHinds, Ciar�an,
_d1953-
_evoice actor.
_96423505
700 1 _aBell, Kristen,
_d1980-
_evoice actor.
_972592
700 1 _aMenzel, Idina,
_evoice actor.
_963938
700 1 _aFontana, Santino,
_evoice actor.
_95686055
700 1 _aGroff, Jonathan,
_evoice actor.
_95756304
700 1 _aGad, Josh,
_d1981-
_evoice actor.
_95809208
700 1 _aTudyk, Alan,
_evoice actor.
_969400
700 1 _aBuck, Chris,
_efilm director,
_escreenwriter.
_970655
700 1 _aLee, Jennifer
_c(Screenwriter),
_efilm director,
_escreenwriter.
_95887911
700 1 _aBeck, Christophe,
_d1972-
_ecomposer.
_95807016
700 1 _aAnderson-Lopez, Kristen,
_ecomposer.
_95814095
700 1 _aLopez, Robert,
_d1975-
_ecomposer.
_95814096
700 1 _aLasseter, John,
_efilm producer.
700 1 _aDel Vecho, Peter,
_efilm producer.
_95814086
700 1 _aScribner, Aimee,
_efilm producer.
_96267925
700 1 _iBased on (work):
_aAndersen, H. C.
_q(Hans Christian),
_d1805-1875.
_tSnedronningen.
_95987099
710 2 _aWalt Disney Pictures,
_eproduction company.
710 2 _aWalt Disney Animation Studios,
_eproduction company.
_95699145
710 2 _aBuena Vista Home Entertainment (Firm),
_efilm distributor.
_964615
730 0 _aFrozen (Motion picture : 2013 : Buck and Lee)
830 0 _aDisney Blu-ray.
_95747017
994 _aC0
_bWACOL
999 _c363473
_d363473